|
|
|
|
| LEADER |
01400nam a2200265 a 4500 |
| 001 |
006506548 |
| 008 |
040317s2004 ctua 000 0 eng d |
| 020 |
|
|
|a 0072874414 (pbk.)
|
| 022 |
|
|
|a 10924876
|
| 040 |
|
|
|a SITPL
|c SITPL
|d OCLCQ
|d BAKER
|d NOR
|
| 082 |
0 |
4 |
|a 658.05
|2 22
|
| 245 |
0 |
0 |
|a Management 04/05 /
|c editor, Fred H. Maidment.
|
| 246 |
3 |
0 |
|a Management
|
| 246 |
3 |
|
|a Management 2004-2005
|
| 250 |
|
|
|a 12th ed.
|
| 260 |
|
|
|a Guilford, Conn. :
|b McGraw-Hill/Dushkin,
|c c2004.
|
| 300 |
|
|
|a xviii, 221 p. :
|b ill. ;
|c 28 cm.
|
| 490 |
1 |
|
|a Annual editions
|
| 541 |
1 |
|
|e 00014857
|
| 520 |
0 |
0 |
|a Management 04/05 is one in a series of over seventy-five volumes, each designed to provide convenient, inexpensive access to a wide range of current, carefully selected articles from some of the most respected magazines, newspapers, and journals published today. Within the pages of this volume are interesting, well-illustrated articles by managers, educators, researchers, and writers providing effective and useful perspectives on today's important topics in the study of management. - Back cover.
|
| 650 |
0 |
|
|a Management.
|
| 700 |
1 |
|
|a Maidment, Fred H.,
|e ed.
|
| 852 |
4 |
|
|a Ayesha Abed Library
|j General Shelf.
|
| 999 |
|
|
|c 939
|d 939
|
| 952 |
|
|
|0 0
|1 0
|2 ddc
|4 0
|6 658_050000000000000_MAN
|7 0
|9 854
|a BRACUL
|b BRACUL
|c GEN
|d 2009-06-11
|e The Asia Foudation
|l 0
|o 658.05 MAN
|p 3010014857
|r 2009-06-11
|t 1
|w 2009-06-11
|y BK
|